000 00922cam a2200205 i 4500
005 20251207114348.0
008 250721s2006 jo gr 000 0 ara d
020 _a300019309X
082 1 4 _a215
_bد و ل
100 1 _aأبو دولة، أحمد سليمان العمري
_eمؤلف.
245 1 2 _aالرحيق المختوم لمن بحث عن الجواب المكنون :
_bفي القاديانية والبابية والبهائية والأحباش وطوائف المعطلة /
_cبقلم أحمد سليمان العمري أبو دولة ؛ مراجعة لغوية ياسمين الحوري.
250 _aالطبعة الثانية.
264 3 1 _aإربد :
_bالمركز القومي للنشر،
_c2006.
300 _a454 صفحة.
650 1 7 _aالبهائية.
650 1 7 _aالبابية.
650 1 7 _aالفرق الإسلامية.
942 _2ddc
_cBK
999 _c105707
_d105707